000 02619nam0a2200445 i 4500
001 RU\NLR\bibl\2045802
005 20260405073306.0
010 _a9785912981203
_9100
021 _aRU
_b2013-41411
_92859
035 _a(nilc)RuMoRGB-006587134
035 _a(NLR Aleph) 002032974
090 _a4559443
_c4559443
100 _a20130527d2013 k y0rusy50 ca
101 0 _arus
102 _aRU
105 _ac |||||||||
200 1 _aПуть к себе
_eThe Way to yourself (problems of self-preservations in the processes of integrations of the East and the West) : (проблема самосохранения в процессах пересечения Востока и Запада)
_fН.Л. Крылова, С.В. Прожогина
_g[Федер. гос. бюджет. учреждение науки РАН Ин-т Африки РАН]
_zeng
210 _aМосква
_cИнститут Африки РАН
_d2013
215 _a344, [1] с.
_cпортр.
_d20
225 1 _aСерия Гендерные исследования Института Африки РАН
225 1 _aСерия "Гендерные исследования"
_vт. 14
300 _aАвт. также на англ. яз.: N.L. Krylova, S.V. Prozhogina
300 _aВ конце кн. авт.: Крылова Н.Л., д.ист.н., Прожогина С.В., д.филол.н., проф.
320 _aБиблиогр. в конце частей и в подстроч. прим.
320 _aДр. произведения авт. в конце кн.
510 0 _6z77790
_aThe Way to yourself :
_e(problems of self-preservations in the processes of integrations of the East and the West)
_zeng
606 1 _aЭмиграция и иммиграция
_jВоспоминания, записки и т.п.
_91166321
_3RU\NLR\auth\66467458
686 _aТ3(0)6-27,013
700 1 _4070
_8rus
_7ca
_aКрылова
_bН. Л.
_f1948-
_cд-р ист. наук
_gНаталия Леонидовна
_3RU\NLR\AUTH\7725509
_98556
701 1 _4070
_8rus
_7ca
_aПрожогина
_bС. В.
_f1938-
_gСветлана Викторовна
_3RU\NLR\AUTH\7725534
_98581
790 1 _4070
_8rus
_7ba
_aKrylova
_bN. L.
_cд-р ист. наук
_f1948-
_gNatalija Leonidovna
_3RU\NLR\AUTH\7725510
_98557
790 1 _4070
_8rus
_7ba
_aProžogina
_bS. V.
_f1938-
_gSvetlana Viktorovna
_3RU\NLR\AUTH\7725536
_98583
801 0 _aRU
_bRuMoRKP
_c20130527
_gRCR
801 2 _aRU
_bРГБ
_c20130611
_grcr
801 1 _aRU
_bRuMoRKP
_c20130527
_2rusmarc
801 2 _aRU
_bNLR
_c20130621
_grcr
942 _cBOOK
980 _aNBR